Statistiques concernant chaines youtube françaises par 2 premières lettres (impossible)

Cliquez ici pour prendre le quiz!

Statistiques générales

  • Ce quiz a été pris 76 fois
  • Le résultat moyen est 20 sur 45

Statistiques - réponses

Hint Answer % Correct
Le McDonald's - ....Cyprien
91%
Pokémon Version Noire - Let's Play Episode 1 - "Le commencement d'une nouvelle aventure !"cykomore
91%
Let's play Sonic 3 & Knuckles #1noubyou
88%
... - LE CLUB DE PING PONGnorman fait des vidéos
88%
1. Création d'un jeu de plateforme : les basessquale
73%
Video commentée : Crysis 2Squeezie
73%
Roblox Jailbreaklemadara
64%
menu manga - JoJo's bizarre adventurelechefotaku
64%
.... - TRAILERles pizza guys
64%
AVIS EN CARTON : Star Wars Battlefront | Bêta Multijoueurma boîte en carton
64%
MA NOUVELLE CAMÉRAmastu
64%
JE LANCE MA CHAINE YOUTUBE ! - ....néo the one
61%
Call Of Duty: Sniper By ....lasalle
58%
10 Photos Mystérieuses INEXPLIQUÉES à Ce Jour | ....lama faché
58%
SONIC 2 sur MEGADRIVE : mon 1er test JEU VIDEO !bibi300
54%
Cyprien - Ma deuxième chaîneBigorneaux & Coquillages
54%
Pokébip: Pokémon Radio Show Japan Expo / Comic Con 2012pokebiptv
51%
Generique Pokémon français chanté par la japonaise Loverin Tamburinpokémon trash
51%
Galaxy S7 et Galaxy S7 Edge : notre prise en mainbegeek
42%
Zoro rencontre Fujitora [VF]Ben Beckmann OP
42%
Je Déteste Me Présenterdeo toons
42%
Jor j'viens du Bourpalett - Bizarre Nuzlocke #01 Pokemon Vert Feuilledeolynk
42%
Combat Team White VS Team Teeloudeviltifa
42%
.... : PRÉSENTATION DE LA CHAÎNE !loick
40%
Teaserlolywood
40%
Comprendre facilement le travail de Bernard Friot en 10minutes.Loïc Chaigneau - IHT
40%
【...】Bienvenue「Channel News」Voca-Fransub / ボカフランサブ
39%
Mon pc est réparé! (ancienne version)voxmakers
39%
... - 1v4 clutch vs downLoad at 3-3 last mapgotaga
37%
Nuzlocke Challenge sur Pokémon Emeraude: Combat contre Pierrebabou linet
37%
AVOIR SON PREMIER TATOOBastien Tatoo
37%
Monstera Deliciosa - Animation Short Film 2009 - ....gobelins
37%
Call of duty 4 Commentary | Ma première vidéo !wartek
33%
Voyagez a South Beach a Miami en Floridewatchmojo français
33%
Hydrogène (DiHydrogène) Generatorjuckclie
31%
J'AI UNE DERNIÈRE CHOSE À VOUS DIRE : AU REVOIR GAMEBLOG !julien chièze
31%
.... - "Les Gens Cool"BRAD OUCHKA
30%
SMASH BROS MELEE est le MEILLEUR JEU DE COMBATBronol
30%
Enfant 3 ans chante chanson alphabet en français / Alphabet song / ABC in frenchSwan The Voice - Néo & Swan
18%
.... RETIRE SES TATOUAGE !!! POSSIBLE + BETISIEYYSwagg Man®
18%
ONE PIECE | TOP 15 DES FRUITS DU DÉMON LES PLUS PUISSANTS !ryo sensei
15%
JE SUIS RANK 1 SUR VLOGGER (Vlogger go viral)RyanToys
15%
OSU! | Altima - Burst the Gravity [Insane] ~ NC+HD [FC] 97.85% ACCimakuri
9%
TestMonServeur - Episode 1Imswaty
9%
Interview France 3 (2006) / DIALOKOLECTIV (Hip Hop acoustique live band)nébié c'est bien
0%

Distribution des résultats

Percentile by Number Answered

% des personnes avec chaque résultat

Votre développement - résultats

Vous n’avez pas pris ce quiz